000 00262 a2200121 4500
001 66070
040 _cAnchieta - Pituba
240 1 0 _aSimulado ENEM, 3ª série
_lpor
245 1 0 _aSimulado ENEM, 3ª série
362 0 _a2018
650 4 _aLinguagem
942 _cBK
999 _c66070
_d66070